El día que tenga un hermano /

Guardado en:
Autor Principal: Jolibois, Christian
Otros Autores: Heincrich, Christian; il.
Formato: Libro
Publicado: Buenos Aires : Panamericana, 2012
Edición:3a. reimp.
Series:Pollitos y gallinitas
Materias:
Etiquetas: Agregar Etiqueta
Sin Etiquetas, Sea el primero en etiquetar este registro!
LEADER 00795nam a22002535a 4500
001 CEM.cems015446
005 20191206155318.0
008 130507s2012##################000#0#####d
003 CEMS
020 |a 9789583023569 
082 0 4 |a 843.9 
100 1 |a Jolibois, Christian 
245 1 0 |a El día que tenga un hermano /  |c Christian Jolibois ; ilustrado Por Christian Heinrich 
250 |a 3a. reimp. 
260 |a Buenos Aires :  |b Panamericana,  |c 2012 
300 |a 52 p. 
490 0 |a Pollitos y gallinitas 
653 |a Literatura 
653 |a Literatura francesa 
653 |a Literatura infantil 
653 |a Cuentos infantiles 
653 |a Colección ciencias de la educación 
700 1 |a Heincrich, Christian; il. 
859 |a CEMS  |b BIB. CEMS - Ccias. Educacion  |h 843.9  |i J681  |k CE  |p 28934.19   |t Ej.1